Ghana Medical Journal (Record no. 44088)

MARC details
000 -LEADER
fixed length control field 00402nam a2200145Ia 4500
022 ## - INTERNATIONAL STANDARD SERIAL NUMBER
ISSN 0016-9560
050 ## - CALL MARK
Classification number R98 .G43
245 ## - TITLE STATEMENT
Title Ghana Medical Journal
250 ## - EDITION / VOLUME STATEMENT
Edition / Volume statement Vol. 59, No. 1
260 ## - PUBLICATION, DISTRIBUTION, ETC. (IMPRINT)
Place of publication Ghana
Name of publisher Ghana Medical Association
Year of publication 2025
300 ## - PHYSICAL DESCRIPTION
Number of Pages 114 p. : ill. ; 26 cm.
650 ## - SUBJECT ADDED ENTRY--TOPICAL TERM
Topical Term Medicine / Clinical and public health research--periodicals
942 ## - ADDED ENTRY ELEMENTS (KOHA)
Koha item type Serials
Source of classification Library of Congress Classification

No items available.